Lễ cưới người Dao Nga Hoàng
Giới thiệu về tộc người Dao Nga Hoàng ở Yên Bái. Trình bày tiến trình và các nghi thức trong lễ cưới truyền thống của người Dao Nga Hoàng.
Enregistré dans:
| Auteur principal: | |
|---|---|
| Format: | Livre |
| Langue: | Undetermined |
| Publié: |
Hà Nội
Văn hóa Thông tin
2013
|
| Sujets: | |
| Tags: |
Ajouter un tag
Pas de tags, Soyez le premier à ajouter un tag!
|
| Thư viện lưu trữ: | Trung tâm Học liệu Trường Đại học Cần Thơ |
|---|
| LEADER | 00786nam a2200193Ia 4500 | ||
|---|---|---|---|
| 001 | CTU_189228 | ||
| 008 | 210402s9999 xx 000 0 und d | ||
| 082 | |a 392.509597 | ||
| 082 | |b H513 | ||
| 100 | |a Nguyễn, Mạnh Hùng | ||
| 245 | 0 | |a Lễ cưới người Dao Nga Hoàng | |
| 245 | 0 | |c Nguyễn Mạnh Hùng | |
| 260 | |a Hà Nội | ||
| 260 | |b Văn hóa Thông tin | ||
| 260 | |c 2013 | ||
| 520 | |a Giới thiệu về tộc người Dao Nga Hoàng ở Yên Bái. Trình bày tiến trình và các nghi thức trong lễ cưới truyền thống của người Dao Nga Hoàng. | ||
| 650 | |a Manners and customs,Phong tục tập quán | ||
| 904 | |i Giang | ||
| 980 | |a Trung tâm Học liệu Trường Đại học Cần Thơ | ||